Central Library OPAC University of Rajshahi
Normal view MARC view

Entry Personal Name

Number of records used in: 4

001 - CONTROL NUMBER

  • control field: 4234

003 - CONTROL NUMBER IDENTIFIER

  • control field: BD-RjUL

005 - DATE AND TIME OF LATEST TRANSACTION

  • control field: 20220802162155.0

008 - FIXED-LENGTH DATA ELEMENTS

  • fixed length control field: 220802|| aca||aabn | a|a d

040 ## - CATALOGING SOURCE

  • Original cataloging agency: BD-RjUL
  • Transcribing agency: BD-RjUL

100 ## - HEADING--PERSONAL NAME

  • Personal name: Kundu, Ranjan Kumar

670 ## - SOURCE DATA FOUND

  • Source citation: Work cat.: (BD-RjUL)80157: Kundu, Ranjan Kumar, Investigating the trend and impact of some variables on HYV Boro Rice production in Northern Region of Bangladesh /, 2011